Statistics for NHL teams public enemy number 1

Click here to take the quiz!

General Stats

  • This quiz has been taken 201 times
  • The average score is 18 of 30

Answer Stats

Team Name That Hates The PlayerFirst NameLast Name% Correct
Detroit Red Wings | Philadelphia FlyersSidneyCrosby
96%
Washington CapitalsJaromirJagr
93%
Montreal CanadiensZdenoChara
91%
Pittsburgh PenguinsP.K.Subban
90%
Buffalo SabresMilanLucic
86%
Boston BruinsPhilKessel
85%
Minnesota WildJaromeIginla
83%
Carolina Hurricanes | Tampa Bay LightningAlexOvechkin
82%
Chicago BlackhawksRobertoLuongo
77%
Anaheim Ducks | Arizona Coyotes | San Jose SharksDustinBrown
72%
New Jersey DevilsZachParise
67%
Vancouver CanucksBradMarchand
63%
Los Angeles KingsCoreyPerry
61%
Ottawa SenatorsDanyHeatley
61%
New York RangersThey officiate the leagueReferees
47%
Colombus Blue JacketsJeffCarter
43%
Dallas StarsSeanAvery
41%
Colorado AvalancheToddBertuzzi
40%
Nashville PredatorsRyanSuter
38%
St.Louis BluesBrentSeabrook
33%
Toronto Maple LeafsDanielAlfredsson
31%
Florida PanthersJayBouwmeester
30%
Winnipeg JetsIlyaBryzgalov
27%
New York IslandersThomasVanek
16%
Edmonton OilersAlexanderBurrows
11%
Calgary FlamesTimErixon
4%

Score Distribution

Percentile by Number Answered

Percent of People with Each Score

Your Score History

You have not taken this quiz